| 000 | 00878nas a2200289 4500 | ||
|---|---|---|---|
| 001 | BR9501149 | ||
| 003 | BR-BrBNA | ||
| 005 | 20231205093904.0 | ||
| 007 | ta | ||
| 008 | 230509b bl.|||p| |||| 00| 00por d | ||
| 040 |
_aBR-BrBNA _bpor _cBiblioteca Nacional de Agricultura |
||
| 041 | _a(Pt) | ||
| 072 | _aL40; L53 | ||
| 100 | 1 | _aRomagosa, E. | |
| 100 | 1 | _aNarahara, M.Y. | |
| 100 | 1 | _aGodinho, H.M. | |
| 100 | 1 | _aPaiva, P. de | |
| 100 | 1 | _aBraga, F.M. de S. | |
| 245 | 1 | _aMudancas morfologicas dos ovarios de pacu, Piaractus mesopotamicus (Holmberg, 1887), em condicoes de confinamento | |
| 650 | _aPacu | ||
| 650 | _aConfinamento | ||
| 650 | _aOvario | ||
| 650 | _aMorfologia Animal | ||
| 773 | 0 |
_tBoletim do Instituto de Pesca (Brazil) _xISSN 0046-9939 _g(1993), v. 20 p. 67-80 _wBR9501149 |
|
| 909 |
_a202311 _bLúcia _c55 _dLúcia Elande |
||
| 942 |
_2AGRIS _n0 _cANA |
||
| 999 |
_c140932 _d140932 |
||